|
LDR
| 01812nam a2200445 i 4500 |
|---|
| 001 | 23569 |
|---|
| 003 | CZ-PrJAB |
|---|
| 005 | 20160202130712.0 |
|---|
| 008 | 151130s2015 xr ||||||f |||||||cze d |
|---|
| 020 | | . |
‡a978-80-262-0947-8
‡q(brožováno) |
|---|
| 035 | | . |
‡a(CZ PrSKC)KN3148000000706884 |
|---|
| 040 | | . |
‡aULG001
‡bcze
‡erda |
|---|
| 041 | 1 | . |
‡acze
‡hger |
|---|
| 072 | | 7. |
‡a373.2/.3
‡xPředškolní a primární výchova a vzdělávání
‡2Konspekt
‡922 |
|---|
| 080 | | . |
‡a373.2
‡2MRF-sel |
|---|
| 080 | | . |
‡a379.8
‡2MRF-sel |
|---|
| 080 | | . |
‡a793
‡2MRF-sel |
|---|
| 080 | | . |
‡a796
‡2MRF-sel |
|---|
| 100 | 1 | . |
‡aBäcker-Braun, Katharina
‡7kv2014814306
‡4aut |
|---|
| 245 | 1 | 0. |
‡a100 her pro děti do tří let :
‡bv dětských skupinách a mateřských školách /
‡cKatharina Bäcker-Braun ; z německých originálů Die 50 besten Spiele für Unter-Dreijährige a Die 50 besten Spiele für Tagesmutter přeložila Markéta Škultéty |
|---|
| 246 | 0 | . |
‡aSto her pro děti do tří let |
|---|
| 250 | | . |
‡aVydání první |
|---|
| 264 | | 1. |
‡aPraha :
‡bPortál,
‡c2015 |
|---|
| 300 | | . |
‡a78 stran :
‡bilustrace ;
‡c23 cm |
|---|
| 336 | | . |
‡atext
‡btxt
‡2rdacontent |
|---|
| 337 | | . |
‡abez média
‡bn
‡2rdamedia |
|---|
| 338 | | . |
‡asvazek
‡bnc
‡2rdacarrier |
|---|
| 650 | 0 | 7. |
‡apředškolní výchova
‡7ph124887
‡2czenas |
|---|
| 650 | 0 | 7. |
‡ahry
‡7ph114716
‡2czenas |
|---|
| 655 | | 7. |
‡ametodické příručky
‡7fd132826
‡2czenas |
|---|
| 700 | 1 | . |
‡aŠkultéty, Michaela,
‡d1972-
‡7mzk2003188779
‡4trl |
|---|
| 700 | 1 | 2. |
‡aBäcker-Braun, Katharina.
‡t50 besten Spiele für Unter-Dreijährige.
‡lČesky |
|---|
| 700 | 1 | 2. |
‡aBäcker-Braun, Katharina.
‡t50 besten Spiele für Tagesmutter.
‡lČesky. |
|---|
| 900 | | . |
‡aULG001
‡b18 |
|---|
| 910 | | . |
‡aABG312 |
|---|
| 901 | | . |
‡a23569
‡b
‡c23569
‡tbiblio |
|---|